000 00562nam a2200205Ia 4500
003 OSt
005 20250123114133.0
008 210716s1976 xx 000 0 und d
020 _a0380018683
040 _cAIMIT LIBRARY
041 _aeng
082 _a808.83
_21
_bSABR
100 _aSabbag, Robert.
_9194840
245 _aSnow blind:
_bbrief career in the cocaine trade /
_cBy Robert Sabbag.
250 _a1st ed.
260 _aNew York :
_bAvon Books ;
_c1978.
300 _a314p. ;
_bPB
_c17 cm.
440 _v6
942 _2ddc
_cBK
_e1st ed.
_k808.83 SABR
999 _c199885
_d199885